Central Library OPAC University of Rajshahi

Forest and shade tree entomology / (Record no. 75188)

MARC details
000 -LEADER
fixed length control field 00833nam a2200289 a 4500
001 - CONTROL NUMBER
control field 75188
003 - CONTROL NUMBER IDENTIFIER
rucl marc code BD-RjUL
005 - DATE AND TIME OF LATEST TRANSACTION
control field 20211209082646.0
008 - FIXED-LENGTH DATA ELEMENTS--GENERAL INFORMATION
fixed length control field 190130r19641960nyua b 000 0 eng
035 ## - SYSTEM CONTROL NUMBER
System control number (BD-RjUL)75406
System control number (OCoLC)1139327
040 ## - CATALOGING SOURCE
Original cataloging agency DLC
Transcribing agency DI
Modifying agency OCoLC
-- Uk
-- DLC
-- BD-RjUL
Language of cataloging eng
041 ## - LANGUAGE CODE
Language code of text/sound track or separate title eng
042 ## - AUTHENTICATION CODE
Authentication code premarc
082 ## - DEWEY DECIMAL CLASSIFICATION NUMBER
Classification number 635.977
Author mark and year ANF 1964
100 1# - MAIN ENTRY--PERSONAL NAME
Personal name Anderson, Roger Fabian,
Dates associated with a name 1914-
9 (RLIN) 227504
245 10 - TITLE STATEMENT
Title Forest and shade tree entomology /
Statement of responsibility, etc. Roger Fabian Anderson.
260 ## - PUBLICATION, DISTRIBUTION, ETC. (IMPRINT)
Place of publication, distribution, etc. New York :
Name of publisher, distributor, etc. Wiley,
Date of publication, distribution, etc. 1960 [Printing 1964]
300 ## - PHYSICAL DESCRIPTION
Pagination 428 p.:
Illustrations illus.;
Size 24 cm.
504 ## - BIBLIOGRAPHY, ETC. NOTE
Bibliography, etc Includes bibliography.
650 #0 - SUBJECT ADDED ENTRY--TOPICAL TERM
Topical term or geographic name as entry element Trees
General subdivision Diseases and pests.
9 (RLIN) 227505
Topical term or geographic name as entry element Insect pests.
9 (RLIN) 227506
942 ## - ADDED ENTRY ELEMENTS (KOHA)
Source of classification or shelving scheme Dewey Decimal Classification
Koha item type Books
Holdings
Lost status Source of classification or shelving scheme Damaged status Not for loan Collection code Permanent Location Current Location Shelving location Date acquired Source of acquisition Cost, normal purchase price Total Checkouts Full call number Date last seen Copy number Koha item type
  Dewey Decimal Classification   Not For Loan Non-fiction Central Library, University of Rajshahi Central Library, University of Rajshahi Reading Room 17/08/1967 Pakistan book Review 60.00   635.977 ANF 1964 30/01/2019 C-1 Books